| 000 | 00901cam a22002658a 4500 | ||
|---|---|---|---|
| 001 | 13838705 | ||
| 005 | 20201128020848.0 | ||
| 008 | 050111s20042011nju | b 001 0 eng d | ||
| 020 | _a0132546140 | ||
| 020 | _a9780132546140 | ||
| 040 |
_aDLC _cDLC _dDLC |
||
| 042 | _apcc | ||
| 082 | 0 | 0 |
_222 _a658.4063 _bBRO |
| 100 | 1 |
_9889 _aBrown, Donald R. _d1945- |
|
| 245 | 1 | 3 |
_aAn Experiential Approach to Organization Development / _cDonald R. Brown. |
| 250 |
_a8th ed. _bInternational Edition |
||
| 260 |
_aBoston : _bPearson Prentice Hall, _cc2011. |
||
| 300 |
_a474 p. : _bill. ; _c24 cm. |
||
| 504 | _aIncludes bibliographical references and index. | ||
| 541 | _aBaccah ; | ||
| 650 | 0 |
_aOrganizational change. _9885 |
|
| 650 | 0 |
_9891 _aOrganizational effectiveness |
|
| 942 |
_2ddc _cBB |
||
| 999 |
_c14765 _d14765 |
||